000 00870nam a22002295i 4500
001 159581
003 ES-MaACL
005 20250821063057.0
008 990623m18411851fr |||| | fre d
040 _aCCPB | B
_bspa
_cCCPB | B
100 1 _aMichelet, Jules,
_d1798-1874
_980919
245 1 0 _aProcès des templiers /
_cpublié par M. Michelet.
260 _aParis :
_b[s.n.],
_c1841-1851 (
_fImprimerie Royale)
300 _a2 v. ;
_c27 cm.
490 1 _aCollection de documents inédites sur l´histoire de France. Première série : Histoire politique
596 _aMarca de imp. en port.
597 _aAntep.
610 2 4 _aOrden del Temple.
_96041
830 0 _aCollection de documents inédites sur l´histoire de France. Première série : Histoire politique
_9221952
852 _aES-MaACL
_jG-5993-94
_z-- Rúst.
999 _c159581
_d159581